Statistics for Marvel's Fantastic Four (2005 film) Characters Quiz

Click here to take the quiz!

General Stats

  • This quiz has been taken 38 times
  • The average score is 5 of 8

Answer Stats

Actor/ActressDescriptionCharacter% Correct
Chris EvansAn astronaut who receives the ability to coat himself in flames and fly, and the brother of the aboveJohnny Storm / Human Torch
100%
Ioan GruffuddAn astronaut who receives the abilities to stretch his body like rubberReed Richards / Mr. Fantastic
91%
Jessica AlbaAn astronaut who receives the ability to make herself invisible, and the sister of the belowSue Storm / Invisible Woman
91%
Michael ChiklisAn astronaut who is turned into an orange Hulk made of rockBen Grimm / The Thing
89%
Julian McMahonAn astronaut who receives a metal armor, and becomes the nemesis of the Fantastic FourVictor von Doom / Doctor Doom
83%
Kerry WashingtonA blind woman who becomes romantically involved with the ThingAlicia Masters
40%
Stan LeeThe postman for the Baxter BuildingWillie Lumpkin
20%
Hamish LinklaterThe assisstant of the aboveLeonard
9%

Score Distribution

Percentile by Number Answered

Percent of People with Each Score

Your Score History

You have not taken this quiz